[Event "EYCC Open U14 2021"]
[Site "Tornelo"]
[Date "2021.10.15"]
[Round "7.7"]
[White "Gasanov, Vadim"]
[Black "Macias Pino, Diego"]
[Result "0-1"]
[WhiteElo "2027"]
[BlackElo "2365"]
[Annotator "TA"]
[PlyCount "94"]
[EventDate "2021.10.15"]
[EventType "swiss"]
[EventCountry "NET"]
[SourceTitle "playchess.com"]
[Source "ChessBase"]
[SourceQuality "1"]

{[%evp 16,94,41,17,15,18,18,14,-5,-56,-55,-82,-93,-111,-95,-101,-87,-89,-97,-114,-119,-113,-118,-125,-115,-184,-189,-174,-179,-173,-133,-138,-130,-511,-133,-155,-69,-159,-160,-147,-162,-144,-81,-261,-252,-260,-153,-150,-117,-310,-284,-289,-293,-275,-281,-607,-607,-555,-441,-614,-617,-614,-612,-613,-611,-602,-601,-594,-584,-587,-583,-814,-795,-829,-828,-797,-743,-29984,-29985,-29986,-29987]} 1. e4 e5 2. Nf3 Nc6 3. Bb5 a6 4. Bxc6 dxc6 5. O-O Ne7 6. Nxe5 Qd4 7. Qh5 g6 8. Qg5 {8.Qg5 has become a bit dusty these days.} Bg7 9. Nf3 Qxe4 {C68: Ruy Lopez: Exchange Variation, sidelines.} 10. Re1 Qb4 11. d4 Be6 {[#] The position is equal.} 12. Na3 $146 (12. c3 $11 Qb6 13. Nbd2) ({Predecessor:} 12. c3 Qb5 13. Na3 Qd5 14. Bf4 h6 15. Qxd5 Nxd5 16. Be5 O-O 17. c4 Nb6 18. Bxc7 Nxc4 19. Rxe6 Nxa3 {1-0 (49) Petrik,T (2523)-Markos,J (2526) Banska Stiavnica 2006}) 12... h6 $15 (12... Bxd4 $2 13. c3 $18) 13. Qg3 O-O-O (13... Bxd4 $2 14. c3 $18) 14. c3 Qa5 15. b4 Qa4 16. Ne5 Rhe8 17. Bb2 a5 18. bxa5 Nf5 19. Qf4 Qxa5 20. Nd3 (20. Nc2 $17) 20... Bf8 $19 21. Nc2 Bd6 22. Qc1 Bd5 23. Ne3 Nh4 {Strongly threatening ...Bxg2!} 24. c4 $2 {[%mdl 8192] [#]} (24. Nxd5 $17 {is tougher.} Qxd5 25. f3) 24... Be4 $2 (24... Bxg2 $1 $19 {[%mdl 512] has better winning chances.} 25. Ne5 (25. c5 Be4) 25... Bxe5 26. dxe5 Be4) 25. Ne5 Bb4 (25... Bxe5 $17 26. dxe5 Bxg2 $1) 26. Re2 (26. Rd1 $1 $15) 26... f6 $17 27. a3 Bf8 28. Bc3 Qa6 (28... Qa4 $142 29. N5g4 Bxg2 $1 {[%mdl 64] Remove Defender} 30. Nxg2 Rxe2 31. Nxh4 Qxc4) 29. N5g4 (29. N3g4 $17 fxe5 30. Rxe4 exd4 31. Rxe8 Rxe8 32. Bxd4) 29... Bg7 $1 $19 {White must now prevent ...h5.} 30. f3 {[#]} Bd3 ({Better is} 30... Bxf3 $1 $19 31. gxf3 Nxf3+ 32. Kh1 f5) 31. Rb2 f5 $36 {[%mdl 2048] Black is on the roll.} 32. d5 $2 {[#]} Bxc3 $1 (32... fxg4 33. Bxg7 cxd5 34. fxg4 $17) 33. Qxc3 fxg4 34. Qxd3 Qa7 ({Don't take} 34... gxf3 35. Qd4 $17) 35. Rb3 $2 (35. Re1 gxf3 36. Rf2) 35... Nf5 {[%cal Re8e3]} 36. Re1 cxd5 37. cxd5 Rxe3 38. Rxe3 Re8 {[%mdl 64] Pin} ({Weaker is} 38... Qxe3+ 39. Qxe3 Nxe3 40. Rxe3 $17) 39. Rxb7 Qxe3+ 40. Qxe3 Rxe3 {[%mdl 4096] Endgame KRN-KR} 41. Ra7 gxf3 42. gxf3 Rxf3 43. Ra6 g5 44. Rf6 g4 45. a4 Kb7 46. Rg6 Ne3 {[%csl Ge3][%cal Rf3f1]} 47. h3 g3 {[%csl Ge3][%cal Rf3f1] Weighted Error Value: White=0.78/Black=0.27} 0-1

[Event "EYCC Open U14 2021"]
[Site "Tornelo"]
[Date "2021.10.15"]
[Round "7.8"]
[White "Lavrencic, Matic"]
[Black "Shinkarov, Artem"]
[Result "1-0"]
[WhiteElo "2149"]
[BlackElo "1894"]
[Annotator "TA"]
[PlyCount "143"]
[EventDate "2021.10.15"]
[EventType "swiss"]
[EventCountry "NET"]
[SourceTitle "playchess.com"]
[Source "ChessBase"]
[SourceQuality "1"]

{[%evp 12,142,26,20,41,22,57,56,52,69,106,64,77,34,33,22,14,24,33,34,42,41,51,37,47,42,60,27,51,35,28,36,62,62,53,49,66,62,63,38,50,4,2,4,102,90,88,89,89,94,119,109,103,0,0,0,150,0,0,-6,101,111,128,138,130,131,141,77,91,108,152,152,167,16,16,16,16,16,318,302,447,441,418,370,1382,1272,2020,2200,12834,12839,12676,29946,29941,12832,29938,29948,12797,12704,12799,9458,1875,837,29978,29979,29979,29980,29980,29980,29982,29983,29982,29983,29985,29986,29986,29984,29988,29989,29990,29991,29992,29983,29998,29990,29992,29993,29993,29993,29994,29992,29994,29995,29999]} 1. e4 e6 2. d4 d5 3. Nd2 c5 4. Ngf3 a6 5. exd5 exd5 6. dxc5 Bxc5 7. Bd3 Nc6 {C08: French Tarrasch: 3...c5 4 exd5 exd5 sidelines.} 8. O-O {[#]} Nb4 $146 ({Predecessor:} 8... h6 9. Re1+ Nge7 10. Nb3 Bb6 11. c3 O-O 12. Bc2 Bg4 13. Be3 Bc7 14. h3 Bh5 15. Qd3 {0-1 (31) Borisek,J (2565)-Nyzhnyk,I (2616) Chess.com INT 2017}) 9. Nb3 Nxd3 {White is slightly better.} 10. Qxd3 Be7 11. Re1 Nf6 12. Be3 (12. Qe3 {feels hotter.} Ne4 13. Nfd2 Nf6 14. Nd4 Qc7 15. h3) 12... O-O $1 13. Bc5 Bxc5 14. Nxc5 Qc7 15. Nb3 Bg4 16. Nfd4 Rfe8 17. f3 Bh5 18. Qd2 Rad8 19. a4 Qc4 20. a5 Bg6 21. c3 Nd7 22. Rxe8+ Rxe8 23. Re1 Qc8 24. Rxe8+ Qxe8 25. Kf1 Ne5 26. Nc5 Nc4 $1 {[%cal Rc4d2]} 27. Qe2 Qxe2+ (27... Qc8 $1 $11 28. Nxb7 h6) 28. Kxe2 $16 Nxb2 29. Nxb7 $11 {[%mdl 4096] Endgame KBN-KNN} Bd3+ 30. Ke3 Bf1 31. Nc6 Bxg2 32. Ne7+ (32. Nb4 $16) 32... Kf8 33. Nxd5 Ke8 (33... Nc4+ $11 34. Kf4 Bf1) 34. Ke2 (34. Nb6 $1 $16) 34... Kd7 35. Nf4 {[#] Black must now prevent Nc5+.} Bh1 (35... Na4 $1 $11 {keeps the balance.}) 36. Nc5+ $16 Kc6 37. Nxa6 Kb5 38. Nb4 Kxa5 39. Nc6+ (39. Nh3 $142 $1) 39... Kb5 40. Ne5 f6 {[#]} 41. Ng4 Nd1 {[#]} 42. Nh5 $2 ({Only move:} 42. Nf2 $1 $18 {[%cal Rf2d1]} Nxf2 43. Kxf2) 42... Nxc3+ $11 43. Kf2 Nd1+ 44. Kg3 g5 {[%mdl 8192] Loses the game.} (44... f5 $11 {and Black stays safe.} 45. Nf2 Nxf2 46. Kxf2 g6) 45. Nhxf6 $18 Nc3 (45... h5 $142 46. Nxh5 Kc6) 46. Nxh7 Ne2+ 47. Kf2 Nd4 (47... Nf4 48. Nxg5 Kc5) 48. Nxg5 Kc6 49. Kg1 Bxf3 50. Ne5+ {[%mdl 64] Double Attack} Kd5 51. Nexf3 Nf5 52. Kf2 Kd6 53. Ne4+ Ke6 54. Ng3 Nh6 55. h3 Kf6 56. Ke3 Kg6 57. Kf4 {White mates.} Ng8 58. Ne5+ Kh6 59. Ng4+ Kg6 60. h4 Ne7 61. h5+ Kh7 62. Kg5 Nc6 63. Ne4 Nd8 64. Kf6 Nc6 65. Ng5+ Kh8 66. Ne5 Nb4 67. Ng6+ Kg8 68. h6 {[%csl Gg5][%cal Rh6h7]} Nd5+ 69. Ke5 Nf6 70. Ke6 Nh7 71. Ne7+ Kh8 72. Nf7# {Weighted Error Value: White=0.21/Black=0.52} 1-0

[Event "EYCC Open U14 2021"]
[Site "Tornelo"]
[Date "2021.10.15"]
[Round "7.9"]
[White "Gasparyan, Erik R."]
[Black "Makridis, Dimitrios"]
[Result "0-1"]
[WhiteElo "1777"]
[BlackElo "2138"]
[Annotator "TA"]
[PlyCount "112"]
[EventDate "2021.10.15"]
[EventType "swiss"]
[EventCountry "NET"]
[SourceTitle "playchess.com"]
[Source "ChessBase"]
[SourceQuality "1"]

{[%evp 9,112,10,50,0,46,45,37,43,43,37,39,29,28,-13,0,-9,-9,-9,-9,-6,-6,-11,-6,-130,-130,-135,-135,-132,-133,-133,-100,-95,-89,-125,-89,-125,-41,-164,-147,-146,-103,-157,-33,-126,-134,-125,-94,-85,-104,-150,-135,-185,-193,-193,-179,-215,-177,-208,-146,-154,-127,-114,-105,-106,-107,-110,-96,-87,-73,-71,0,-64,-56,-47,-40,-80,-43,-50,-53,-87,-43,-57,-53,-53,-43,-42,-43,-93,-89,-224,-186,-163,-150,-135,-103,-105,-112,-129,-112,-179,-184,-12820,-12818,-6014,-5826]} 1. e4 c5 2. Nf3 Nf6 3. e5 Nd5 4. Nc3 e6 5. Ne4 Nc6 6. Bc4 {[#] B29: Sicilian: 2 Nf3 Nf6 (Nimzowitsch Variation).} Nb6 $146 ({Predecessor:} 6... d6 7. exd6 Bxd6 8. d4 O-O 9. c3 cxd4 10. Nxd4 Bc7 11. Nxc6 bxc6 12. Qe2 f5 13. Nd2 e5 {0-1 (42) Lopez Martinez,J (2540)-Magem Badals,J (2522) Catalunya 2009}) 7. Bb5 Qc7 8. Bxc6 {White is slightly better.} Qxc6 9. d3 d5 10. exd6 Bxd6 11. O-O Be7 12. Ne5 Qd5 13. Bf4 O-O 14. Qe2 f6 15. Nc4 e5 16. Be3 (16. Nc3 $11 {keeps the balance.} Qe6 17. Bg3) 16... Nxc4 $17 17. Nc3 Nxe3 {[%csl Ge3][%cal Rd5g2]} 18. Nxd5 Nxd5 19. f4 Be6 (19... exf4 20. Qe4 $16) 20. fxe5 f5 21. Qf3 Rad8 {[%mdl 1024] Black has strong compensation.} 22. a3 {next c4 is good for White.} Rd7 (22... Bg5 $17) 23. Kh1 (23. c4 $15 Nb6 24. Kh1) 23... Bg5 $19 24. Rae1 Bh6 25. Qh3 (25. Rf2 $142) 25... Re7 ({Black should try} 25... Re8 $17 26. Rg1 f4) 26. Qh4 (26. c4 $15 Nb6 27. Kg1) 26... Ref7 $17 27. Qa4 Ne3 28. Rf2 b6 29. Qc6 Re7 30. Qd6 Rfe8 31. c3 g6 32. d4 cxd4 33. cxd4 Nd5 {aiming for ...Rc7.} 34. Rc2 Bf8 35. Qc6 Kf7 36. Qb5 Rd8 37. Rc6 Red7 38. Qa4 Ne7 39. Rd6 Nd5 (39... Bg7 $17 40. Rxd7 Rxd7) 40. Rxd7+ (40. Rc6 $11) 40... Rxd7 $15 41. Rc1 Ne7 42. h3 Bh6 43. Rc3 Bf4 44. Rf3 Bg5 45. Rc3 h5 46. h4 $1 {[%cal Rh4g5]} Bh6 (46... Bd2 {is interesting.} 47. Rd3 Bh6 48. Qc2 a5 49. Kh2 Bf4+) 47. g3 b5 $36 {[%mdl 2048] Black has some pressure.} 48. Qd1 a6 49. Kh2 {[#]} (49. Rd3 $17) 49... f4 $1 $19 50. Rd3 fxg3+ 51. Kxg3 Nf5+ 52. Kf2 {[#] d5 is the strong threat.} Rxd4 {[%mdl 576] Deflection, Decoy} 53. Rxd4 Be3+ {[%mdl 64] Double Attack} 54. Kf3 (54. Kf1 $17 Bxd4 55. Qf3) 54... Bxd4 55. Kf4 $2 (55. b4) 55... Bd5 {[%csl Gf5][%cal Rd4e3]} 56. e6+ Kf6 {[%csl Gf6][%cal Rd4e5] Weighted Error Value: White=0.42/Black=0.17} 0-1

[Event "EYCC Open U14 2021"]
[Site "Tornelo"]
[Date "2021.10.15"]
[Round "7.10"]
[White "Krawczyk, Flawian"]
[Black "von Mettenheim, Johannes"]
[Result "1-0"]
[WhiteElo "2070"]
[BlackElo "2062"]
[Annotator "TA"]
[PlyCount "57"]
[EventDate "2021.10.15"]
[EventType "swiss"]
[EventCountry "NET"]
[SourceTitle "playchess.com"]
[Source "ChessBase"]
[SourceQuality "1"]

{[%evp 21,57,57,61,53,122,120,118,122,118,128,150,135,178,127,127,128,138,120,117,115,153,145,158,151,204,204,192,191,733,700,754,739,2111,1891,29963,29952,2991,2162]} 1. d4 Nf6 2. c4 e6 3. Nf3 d5 4. g3 Be7 5. Bg2 O-O 6. O-O dxc4 7. Ne5 Nc6 8. Bxc6 bxc6 9. Nxc6 Qd6 10. Qa4 Bb7 11. Nxe7+ Qxe7 12. Qxc4 {E05: Open Catalan: 5 Nf3 Be7.} e5 {[#]} (12... a5 $14) 13. dxe5 $1 $16 Qxe5 14. Nc3 {White is better.} Rad8 15. Bf4 Qf5 {aiming for ...Qh3.} 16. f3 ({But not} 16. Qxc7 $2 Rd7 $19) 16... Qh3 {[#]} 17. Rf2 $146 ({Resist} 17. Bxc7 Rd2 $16) ({White should try} 17. Bg5 $18) ({Predecessor:} 17. Bg5 Nd5 18. Rad1 c6 19. e4 Nb6 20. Qc5 Rd7 21. Rxd7 Nxd7 22. Qxa7 Ba8 23. Bf4 {1-0 (30) Stupak,K (2573)-Neelotpal,D (2441) Abu Dhabi 2017}) 17... Nd5 18. Nxd5 Bxd5 19. Qxc7 Bxa2 20. Qxa7 Be6 21. b4 Rd7 22. Qc5 Rfd8 (22... Rd5 $16 {keeps fighting.}) 23. Rff1 $18 Rd5 24. Qc6 {[#] And now Ra8 would win.} Rh5 $2 (24... Rc8 25. Ra8 Rdd8) 25. g4 Rhd5 26. Ra8 {Threatening mate with Qe8+!} R5d7 27. Bg5 Bd5 28. Qxd7 {[%cal Ra8d8]} Rxa8 29. Qxd5 {[%cal Rd5a8] Weighted Error Value: White=0.04/Black=0.85} 1-0

[Event "EYCC Open U14 2021"]
[Site "Tornelo"]
[Date "2021.10.15"]
[Round "7.11"]
[White "Andreev, Konstantin"]
[Black "Rakovsky, Jakub"]
[Result "1-0"]
[WhiteElo "2238"]
[BlackElo "1916"]
[Annotator "TA"]
[PlyCount "65"]
[EventDate "2021.10.15"]
[EventType "swiss"]
[EventCountry "NET"]
[SourceTitle "playchess.com"]
[Source "ChessBase"]
[SourceQuality "1"]

{[%evp 13,65,20,20,25,18,24,26,0,0,0,-1,-44,-41,-61,25,-17,-16,-10,16,0,30,2,124,114,127,124,118,122,116,116,131,131,225,222,223,229,530,497,600,600,573,577,507,504,867,864,850,838,821,784,777,712,980,774]} 1. e4 e5 2. Nf3 Nc6 3. Bc4 Bc5 4. d3 Nf6 5. O-O d6 6. c3 Bb6 7. Bb3 O-O 8. a4 {C54: Giuoco Piano: 4 c3 Nf6, main lines with 5 d4 and 5 d3.} Na5 9. Bc2 {[#] aiming for b4.} c5 $146 ({Predecessor:} 9... h6 10. b4 Bg4 11. h3 Bxf3 12. Qxf3 d5 13. bxa5 dxe4 14. dxe4 Bxa5 {1-0 (49) Antonio,K (1432)-Santos,I Chess.com INT 2020}) 10. h3 {White has an edge.} Be6 11. Re1 Rc8 12. b3 Nc6 13. Nbd2 Ne8 ({Black should play} 13... d5 $15) 14. Nf1 h6 15. Ng3 Ne7 16. Nh4 Qd7 17. Be3 f5 (17... Ba5 $11 18. Bd2 Nf6) 18. Nhxf5 {White stays focused until the end.} Nxf5 19. exf5 Bxf5 20. Nxf5 Qxf5 21. a5 Bd8 22. d4 Qf7 (22... e4 $16) 23. dxe5 $18 dxe5 24. b4 $40 {[%mdl 128] White has strong attack.} b6 (24... Be7 {is more resistant.} 25. bxc5 Kh8) 25. bxc5 {White is clearly winning.} bxc5 {[#]} 26. Bxc5 $1 {[%mdl 576] Discovered Attack} Rxc5 27. Bb3 Rc4 {Black hopes to continue with ...Bc7.} 28. Qxd8 Kh8 (28... e4 $142 29. Rxe4 Rxe4 30. Bxf7+ Rxf7) 29. Bxc4 Qxc4 30. Rxe5 Qf7 31. Rae1 {[%cal Re5e8]} Nf6 32. Qe7 Qg8 33. c4 {Weighted Error Value: White=0.10/Black=0.53} 1-0

[Event "EYCC Open U14 2021"]
[Site "Tornelo"]
[Date "2021.10.15"]
[Round "7.12"]
[White "Stevanovic, Jovan"]
[Black "Ince, Taylan Ruzgar"]
[Result "0-1"]
[WhiteElo "1930"]
[BlackElo "2124"]
[Annotator "TA"]
[PlyCount "78"]
[EventDate "2021.10.15"]
[EventType "swiss"]
[EventCountry "NET"]
[SourceTitle "playchess.com"]
[Source "ChessBase"]
[SourceQuality "1"]

{[%evp 13,78,0,15,-1,22,0,0,0,0,-27,-27,-27,-27,-27,-27,-43,-37,-36,-43,-43,-37,-36,2,0,11,-37,-33,-41,-12,-74,-77,-82,-74,-164,-126,-118,-104,-130,-91,-92,-81,-273,-70,-74,-65,-85,-53,-50,-55,-64,-55,-112,-114,-98,-100,-114,-112,-161,-115,-125,-125,-127,-125,-133,-133,-1005,-993]} 1. Nf3 Nf6 2. c4 g6 3. g3 Bg7 4. Bg2 O-O 5. O-O d5 6. cxd5 Nxd5 7. Nc3 Nc6 8. a3 {A16: English Opening: 1...Nf6 with ...d5.} a5 9. Nxd5 Qxd5 10. d3 {The position is equal.} a4 11. Qc2 Qb5 12. Rb1 Be6 13. Be3 Ba2 14. Ra1 {[#]} Qb3 $146 ({Predecessor:} 14... Bd5 15. Rab1 Rfc8 16. Nd2 Bxg2 17. Kxg2 Bd4 18. Qc4 Qxc4 19. Nxc4 Bxe3 20. Nxe3 Nd4 {0-1 (59) Juberias Segura,S (2045)-Paunovic,D (2528) Zaragoza 2011}) 15. Rfc1 Qxc2 ({Much weaker is} 15... Bxb2 $6 {[#]} 16. Rxa2 $1 {[%mdl 512]} Qxa2 17. Rb1 $16) 16. Rxc2 Bb3 17. Rd2 Ra5 18. Rc1 Rd8 19. Bf4 e5 $36 {[%mdl 2048] Black fights for an advantage.} 20. Bg5 {[#] Hoping for Rxc6.} Rd7 21. Be3 (21. Bh3 $11 Rd6 22. e4) 21... f5 $17 22. Ne1 Nd8 23. Nc2 (23. Bc5 $17) 23... c6 24. Na1 Bf7 25. Bc5 Ne6 26. Bb4 Ra8 27. b3 $2 (27. Bf1 $17) 27... Nd4 $2 ({Black should try} 27... Bh6 $19 28. e3 c5) 28. bxa4 $15 Rxa4 29. Rb1 Nb5 30. Nb3 $1 {[%cal Rb3c5]} Bxb3 31. Rxb3 Bf8 32. Ra2 (32. e3 $15) 32... Bxb4 $17 33. Rxb4 Rxa3 34. Rxa3 Nxa3 {KRB-KRN} 35. Kf1 Kf7 36. Ra4 Nb5 37. Ke1 Ke6 38. Kd2 e4 39. Ra3 $2 {[%mdl 8192]} (39. Rc4 $17) 39... Nxa3 {Weighted Error Value: White=0.49/Black=0.21} 0-1

[Event "EYCC Open U14 2021"]
[Site "Tornelo"]
[Date "2021.10.15"]
[Round "8.1"]
[White "Khubukshanov, Erdem"]
[Black "Zakharov, Alexey O."]
[Result "0-1"]
[WhiteElo "2373"]
[BlackElo "1962"]
[Annotator "TA"]
[PlyCount "98"]
[EventDate "2021.10.15"]
[EventType "swiss"]
[EventCountry "NET"]
[SourceTitle "playchess.com"]
[Source "ChessBase"]
[SourceQuality "1"]

{[%evp 10,98,29,27,58,16,23,18,27,4,7,-8,5,-6,2,0,0,-1,-12,-7,-9,-9,4,14,13,0,27,23,28,0,52,60,48,40,72,58,43,45,651,36,26,28,33,39,60,0,0,-63,-56,-37,-7,-591,-597,-620,-530,-977,-956,-929,-886,-858,-768,-991,-620,-734,-89,-572,-13,-598,-598,-649,-602,-564,-565,-750,-647,-690,-666,-953,-965,-1482,-1427,-1718,-1523,-29973,-5143,-2842,-1023,-29992,-29991,-29995,-29996]} 1. e4 c5 2. Nf3 Nc6 3. Bb5 g6 4. Bxc6 dxc6 5. d3 Bg7 6. h3 Nh6 {B31: Sicilian: 2...Nc6 3 Bb5 g6.} 7. Nc3 f6 8. Be3 b6 {The position is equal.} 9. Qd2 Nf7 10. O-O e5 11. Nh2 O-O 12. f4 exf4 13. Bxf4 f5 14. exf5 Bxf5 15. Nf3 Re8 16. Rae1 Qd7 {[#]} 17. Kh2 $146 ({Predecessor:} 17. Nd1 a5 18. a4 b5 19. Rxe8+ Qxe8 20. Re1 Qd7 21. b3 c4 22. bxc4 bxc4 23. d4 {0-1 (45) Baciu,D (2062)-Hakimifard,G (2043) Vung Tau 2008}) 17... Rxe1 18. Rxe1 h5 19. Nh4 Kh7 (19... c4 $11) 20. Nxf5 Qxf5 21. Re7 Kg8 22. Ne4 $1 Kf8 23. Rb7 Nd8 $2 {[%mdl 8192] [#]} (23... Kg8 $14) 24. Bd6+ $2 (24. g4 $1 $18 {[%mdl 512]} hxg4 25. hxg4) 24... Kg8 $14 25. Re7 Nf7 $1 {[%cal Rf7d6]} 26. Bg3 g5 27. Qe2 (27. h4 $14) 27... h4 $11 28. Be1 ({White should try} 28. Bc7 $11) 28... Kf8 $1 $36 {[%cal Rf8e7][%mdl 2048] Black has the initiative.} 29. Rb7 Be5+ 30. g3 $2 {[%mdl 8192]} (30. Kg1 $1 $11 {and White stays safe.}) 30... Nd8 $19 31. d4 cxd4 32. Qh5 Nxb7 33. Qh6+ Bg7 34. Qxc6 hxg3+ 35. Kg2 Qc8 36. Qd5 {intending Bb4+.} Nc5 $2 (36... Qxc2+ $19 {is more deadly.} 37. Bd2 Rc8 $1 38. Kxg3 Qc7+ 39. Kg4 Qf7 40. Qxg5 Rc2) 37. Bb4 $2 {[%mdl 8192] [#]} (37. Nd6 $17 Qe6 38. Qxa8+ Ke7 39. Bxg3) 37... Qd8 $2 (37... Qe8 $1 $19 38. Bxc5+ bxc5 39. Nxg5 Qe2+ {[%mdl 64] Double Attack} 40. Kxg3 Qe5+ 41. Qxe5 Bxe5+ 42. Kf3 Ke7) 38. Nd6 $2 {[%mdl 8192]} (38. Qf5+ $1 $11 Kg8 39. Bxc5 bxc5 40. Nxg5) 38... Ke7 39. Nf5+ Kf6 40. Nd6 {Qf7+ would kill now.} Qg8 41. Qc6 Ne6 42. Kxg3 Rd8 43. Ne4+ Kg6 44. Be7 Be5+ 45. Kg2 Rc8 46. Qb5 Nf4+ {[%mdl 64] Discovered Attack} 47. Kf3 Qd5 48. Qa4 Rh8 49. Qd7 Qxd7 {What a bad dream for White.  Weighted Error Value: White=1.20/Black=0.96} 0-1

[Event "EYCC Open U14 2021"]
[Site "Tornelo"]
[Date "2021.10.15"]
[Round "8.2"]
[White "Seemann, Jakub"]
[Black "Ponomarev, Vsevolod"]
[Result "1/2-1/2"]
[WhiteElo "2299"]
[BlackElo "2135"]
[Annotator "TA"]
[PlyCount "88"]
[EventDate "2021.10.15"]
[EventType "swiss"]
[EventCountry "NET"]
[SourceTitle "playchess.com"]
[Source "ChessBase"]
[SourceQuality "1"]

{[%evp 27,88,0,17,16,15,14,21,6,13,29,29,-62,-56,-55,-49,-30,0,0,0,0,0,0,0,0,0,0,0,0,0,-19,16,30,38,0,33,18,26,16,40,19,57,25,28,16,59,28,41,-4,4,8,89,0,0,0,24,24,24,0,0,0,0,0,0]} 1. d4 d5 2. c4 e6 3. Nf3 Nf6 4. g3 Be7 5. Bg2 O-O 6. O-O c6 7. Nbd2 b6 8. Qc2 Bb7 9. b3 c5 10. dxc5 Bxc5 11. Bb2 Nbd7 12. Rad1 Rc8 13. Qb1 Qe7 14. cxd5 Bxd5 15. e4 {E09: Closed Catalan: Main Line: 7 Qc2 c6 8 Nbd2.} Bb7 16. e5 $1 Nd5 17. Ne4 {[#]} h6 $146 ({Predecessor:} 17... Ba6 18. Rfe1 Bb4 19. Rxd5 Bxe1 20. Rxd7 Bxf2+ 21. Nxf2 Qxd7 22. Ng5 f5 23. exf6 gxf6 {1-0 (38) Gentes,K (2330)-Lipnowski,S (2027) Winnipeg 2000}) 18. Nfd2 b5 19. a4 (19. Rc1 $11) 19... bxa4 $15 20. bxa4 Ba6 21. Rfe1 Rb8 22. Nxc5 Nxc5 23. Bxd5 exd5 24. Qa1 Rfc8 25. Ba3 Qe8 26. Bxc5 Rxc5 27. Qd4 Qc6 28. Nf3 Bb7 {[#] Hoping for ...Rc4.} 29. Rb1 {Threatens to win with e6!} Rc8 30. Qb4 Ba8 {...d4! is the strong threat.} 31. Nd4 Qg6 32. Rbd1 Rc4 33. Qe7 R4c7 34. Qa3 (34. Qd6 {is interesting.} Kh7 35. a5 Rc4 36. f4 Qg4 37. Qa3) 34... Bc6 35. Rc1 {Black must now prevent Qd6.} Be8 36. Rxc7 Rxc7 37. Qf3 Bxa4 38. Qxd5 Re7 {[#]} (38... Rd7 $11 39. Qc4 Qb6) 39. Ra1 (39. Qc5 $1 $16 {[%cal Rc5e7]} Re8 40. Qxa7) 39... Be8 $11 40. Qc5 Rd7 41. Nb5 Rb7 42. Nd6 Rb1+ {The position is equal.} 43. Rxb1 Qxb1+ 44. Kg2 {And now Qc8 would win.} Bd7 {Weighted Error Value: White=0.14/Black=0.14} 1/2-1/2

[Event "EYCC Open U14 2021"]
[Site "Tornelo"]
[Date "2021.10.15"]
[Round "8.3"]
[White "Taspinar, Yanki"]
[Black "Klimkowski, Jan"]
[Result "1-0"]
[WhiteElo "2147"]
[BlackElo "2366"]
[Annotator "TA"]
[PlyCount "143"]
[EventDate "2021.10.15"]
[EventType "swiss"]
[EventCountry "NET"]
[SourceTitle "playchess.com"]
[Source "ChessBase"]
[SourceQuality "1"]

{[%evp 10,142,35,38,33,35,30,39,50,46,45,49,43,50,59,56,59,58,54,35,81,67,50,66,50,61,109,97,108,85,107,103,132,89,99,92,116,115,112,89,102,64,58,52,55,64,48,29,39,42,37,46,193,188,190,204,189,203,185,187,257,252,243,241,222,229,318,308,302,288,394,387,380,383,381,384,497,370,421,416,428,403,418,406,345,252,237,243,341,237,460,452,602,607,754,738,1123,1103,1097,1018,1073,989,982,968,962,937,29967,29968,5733,5747,1694,1387,29986,29987,29990,29991,29994,29995,29995,29994,29994,0,29993,29994,29994,29994,29994,29994,29994,29995,29995,29996,29997,29998,29999]} 1. d4 Nf6 2. c4 e6 3. Nf3 Bb4+ 4. Nbd2 O-O 5. a3 Be7 6. e4 d6 {E11: Bogo-Indian.} 7. Be2 Nbd7 {7...c5 is setting a new trend.} 8. Qc2 e5 {White is slightly better.} 9. Nb1 Re8 {Black wants to play ...exd4.} 10. Nc3 exd4 11. Nxd4 Nc5 12. f3 {[#]} Ne6 $146 ({Predecessor:} 12... Nh5 13. O-O Bf6 14. Be3 Nf4 15. Bxf4 Bxd4+ 16. Kh1 Be5 17. Bxe5 dxe5 18. Rfd1 Qg5 19. Bf1 Ne6 20. Qf2 {½-½ (20) Cheparinov,I (2683)-Tomczak,J (2579) Warsaw 2015}) 13. Be3 Nxd4 14. Bxd4 Nh5 15. g3 Bf6 16. O-O-O Bxd4 17. Rxd4 g6 18. Rhd1 Ng7 19. f4 Bd7 20. e5 Bc6 21. Bg4 ({And not} 21. exd6 Nf5 $15) 21... h5 22. Bh3 Qe7 23. exd6 cxd6 24. Qd2 Ne6 25. Rxd6 {aiming for Bxe6.} Nc5 $1 {[%cal Rc5b3]} 26. Qf2 Qe3+ 27. Qxe3 Rxe3 28. Rd8+ Rxd8 29. Rxd8+ Kg7 30. Kd2 $36 {[%mdl 2048] White has good play.} Re7 {[#] White stays focused until the end.} (30... Rf3 $14) 31. b4 $1 $18 {[%cal Rb4c5]} Ne6 32. Rd6 Nc7 33. b5 Bh1 34. c5 f5 (34... Ne8 {was necessary.}) 35. Bf1 Ne8 36. Rd8 Nf6 37. Rc8 Ng4 38. c6 {And now c7 would win.} bxc6 39. bxc6 Nf6 40. Ba6 Bd5 41. Nxd5 Nxd5 {[%mdl 4096] Endgame KRB-KRN} 42. Rd8 Nb6 43. Kd3 Rc7 44. Bb7 Kf6 45. Rd6+ Kf7 46. Kd4 Re7 47. Rd8 Re4+ 48. Kd3 Re7 (48... Rc4 $142 49. a4 Rc5) 49. Rd4 Ke6 $2 (49... Re1 {keeps fighting.} 50. Kc2 Re2+ 51. Kc3 Re1) 50. Kc3 a5 51. Rd8 Kf6 52. Kd4 Re4+ 53. Kc5 Na4+ 54. Kb5 Nc3+ 55. Ka6 Rc4 56. Kb6 Ke7 57. Rd3 Kf6 {[#]} 58. Rxc3 $1 {[%mdl 512]} Rxc3 {KR-KB} 59. c7 Rb3+ 60. Kxa5 Rxa3+ 61. Kb4 Ra2 62. c8=Q Rxh2 63. Qf8+ Ke6 64. Bc8+ Kd5 65. Bb7+ $2 (65. Qf6 {mates} Ke4 66. Qc3 Rb2+ 67. Kc4 Rb4+ 68. Kxb4 Kd5 69. Qc4+ Kd6 70. Qc5#) 65... Kd4 $2 {[%mdl 8192]} (65... Ke6 $11 66. Qe8+ {[%mdl 64] Double Attack} Kf6 67. Qe5+ Kf7 68. Bd5+ Kf8 69. Qf6+ {[%mdl 64] Double Attack} Ke8 70. Bc6#) 66. Qc5+ {White mates.} Kd3 67. Ba6+ Kd2 68. Qc3+ Kd1 69. Qa1+ Kd2 70. Qa2+ Ke1 71. Qxh2 {[%csl Ga6][%cal Rh2e2]} h4 72. Qe2# {Weighted Error Value: White=0.10/Black=0.54} 1-0